Statistics for 2023-24 NFL PASSING YARDS LEADERS *BY TEAM*

Click here to take the quiz!

General Stats

  • This quiz has been taken 68 times
  • The average score is 31 of 32

Answer Stats

HintAnswer% Correct
Cincinnati Bengals - 2,309Joe Burrow
100%
Buffalo Bills - 4,306Josh Allen
100%
Chicago Bears - 2,562Justin Fields
100%
Baltimore Ravens - 3,678Lamar Jackson
100%
Tampa Bay Buccaneers - 4,044Baker Mayfield
98%
San Francisco 49ers - 4,280Brock Purdy
98%
Houston Texans - 4,108C.J. Stroud
98%
Dallas Cowboys - 4,516Dak Prescott
98%
New Orleans Saints - 3,878Derek Carr
98%
Green Bay Packers - 4,159
Jordan Love
98%
Arizona Cardinals - 1,799
Kyler Murray
98%
Philadelphia Eagles - 3,858Jalen Hurts
98%
Detroit Lions - 4,575Jared Goff
98%
Los Angeles Chargers - 3,134Justin Herbert
98%
Minnesota Vikings - 2,331Kirk Cousins
98%
New England Patriots - 2,120Mac Jones
98%
Los Angeles Rams - 3,965Matthew Stafford
98%
Kansas City Chiefs - 4,183Patrick Mahomes
98%
Denver Broncos - 3,070Russell Wilson
98%
Jacksonville Jaguars - 4,016Trevor Lawrence
98%
New York Jets - 2,271Zach Wilson
98%
Carolina Panthers - 2,877Bryce Young
97%
Seattle Seahawks - 3,624Geno Smith
97%
Cleveland Browns - 1,616Joe Flacco
97%
Pittsburgh Steelers - 2,070Kenny Pickett
97%
Miami Dolphins - 4,624Tua Tagovailoa
97%
Atlanta Falcons - 2,836Desmond Ridder
93%
Indianapolis Colts - 3,305Gardner Minshew
93%
Washington Commanders - 3,946Sam Howell
90%
Tennessee Titans - 1,808Will Levis
87%
Las Vegas Raiders - 2,218Aidan O'Connell
82%
New York Giants - 1,341Tyrod Taylor
80%

Score Distribution

Percentile by Number Answered

Percent of People with Each Score

Your Score History

You have not taken this quiz